000 00444nam a2200181Ia 4500
003 GCL
008 140319s9999 xx 000 0 eng d
040 _aGCL /
_cGCL
082 0 4 _a751.422
_bM B
100 1 _aMONHAN, PATRICIA
245 1 0 _aPAINTING IN GOUACHE /
_cMONHAN, PATRICIA
260 _a[S.N] :
_bSTUDIO VISTA ،
_c1993
300 _a95 P
650 0 4 _aARTS
650 0 4 _aPAINTING
650 0 4 _aGOUACHE PAINTING
942 _2ddc
_cBK
999 _c15679
_d15679